00414nam a2200145 4500003000900000005001700009008004100026020003000067040001300097082001900110100002200129245005800151260003400209650002500243SEACOMMC20250421154206.0241007b |||||||| |||| 00| 0 eng d a 81-72731-83-3cRs.125.00 aSEACOMMC a174.907bR 256 aRavindranath, P K1 aPress Laws and Ethics of JournalismcP K Ravindranath a Delhi b Authorpressc 2004. a Journalistic Ethics